01021nam a2200277 i 450000100060000000300080000600500170001400800390003102000170007003500190008704000320010604100080013808200230014610000310016924500540020026000600025430000470031450400510036160000400041261000290045265000500048165100430053194200120057499900170058695201400060324281BD-RjUL20211209001030.0140313s1977 miua b 001 0beng a0802834981 : a(BD-RjUL)24347 aDLCcDLCdDLCdBD-RjULbeng aeng00a283.0924bHOC 19771 aHopkins, Hugh Evan.97478910aCharles Simeon of Cambridge /cHugh Evan Hopkins. aGrand Rapids, Mich. :bW. B. Eerdmans Pub. Co.,cc1977. a236 p. :bill. (on lining paper) ;c25 cm. aIncludes bibliographical references and index.10aSimeon, Charles,d1759-1836.97479920aChurch of England974800 0aClergyzEnglandzCambridgexBiography.974792 0aCambridge (England)xBiography.974793 2ddccBK c24281d24281 00102ddc40728NFICaRUCLbRUCLcReadingd1985-02-24eAsia foundationl0o283.0924 HOC 1977r2014-03-13 00:00:00tC-1w2014-03-13yBK